Statistics for Alternate Geopolitical History

Click here to take the quiz!

General Stats

  • This quiz has been taken 179 times
  • The average score is 8 of 15

Answer Stats

HintWould exist?Answer% Correct
Gaza and the West Bank were never annexedYesPalestine
89%
Spain honoured the referendum for independenceYesCatalonia
88%
China did not attackYesTibet
86%
No communist revolution in ChinaNoTaiwan
75%
Morocco accepted independence for this stateYesSahrawi Arab Democratic Republic
74%
Referendum in 2011 creating the youngest country was rejectedNoSouth Sudan
74%
Economy did not weaken after Tito's death/ Kosovo and Vojvodina did not gain more powerYesYugoslavia
66%
This island was divided into a Greek and a Turkish part which are both recognisedYesNorthern Cyprus
53%
Georgia accepted the region's claim of independence in 1990YesSouth Ossetia
44%
Russia lost the second civil war in the northern part of the CaucasusYesChechnya
41%
Şerif Pasha's proposal was accepted after the Treaty of SèvresYesKurdistan
33%
The Union of Arras never took placeNoBelgium
28%
War of independence the Italians retreated did not occurNoEritrea
18%
Country consisting of Curaçao, Aruba, St. Maarten etc. did not fall apartYesNetherlands Antilles
18%
Promises to it's people were honoured by the Dutch government after independence of IndonesiaYesSouth Maluku
9%

Score Distribution

Percentile by Number Answered

Percent of People with Each Score

Your Score History

You have not taken this quiz